| 000 | 00740cam a2200241 a 4500 | ||
|---|---|---|---|
| 001 | 000008301 | ||
| 005 | 20200929161326.0 | ||
| 008 | 860106s1985 nq 000 j spa d | ||
| 035 | _a(DLC) 85598021 | ||
| 040 |
_aDO-SdBNP _cDLC _dDLC _dBNPHU |
||
| 082 |
_aN863.44 _bC512t |
||
| 100 | 1 |
_aChávez Alfaro, Lizandro, _d1929- _922451 |
|
| 245 | 1 | 0 |
_aTrece veces nunca / _cLizandro Chávez Alfaro. |
| 260 |
_aManagua, Nicaragua : _bNueva Nicaragua, _c1985. |
||
| 300 |
_a104 p. ; _c19 cm. |
||
| 490 | 1 |
_aLetras de Nicaragua _v11 |
|
| 650 | 4 |
_aCuentos nicaragüenses _99879 |
|
| 650 | 4 |
_aLiteratura nicaragüense _98122 |
|
| 830 | 0 |
_aLetras de Nicaragua ; _v11. _98119 |
|
| 910 | _aCatalogación por copia / LC | ||
| 910 | _aWM | ||
| 049 | _aBNGR | ||
| 999 |
_c8072 _d8072 |
||